000
00329nam a2200133Ia 4500
008
191201s1995 xx 000 0 und d
100
_a
BERTRAND, Regis
245
4
_a
The Textile of Guatemala
250
_a
1st Rep.
260
_a
London
_b
Studio Editions, London
_c
1995
300
_a
112
650
_a
B.Tech(TE)
942
_2
ddc
_c
BK
999
_c
2513
_d
2513